| 000 | 01157nam1a2200265 4500 | ||
|---|---|---|---|
| 001 | RU\NLR\BIBL_A\016206037 | ||
| 005 | 20250807185139.0 | ||
| 035 | _a(NLR Aleph) 016206037 | ||
| 090 |
_a78704 _c78704 |
||
| 100 | _a20221111d1942 d y0rusy50 ca | ||
| 101 | 0 | _aava | |
| 102 | _aRU | ||
| 105 | _aa j 000yy | ||
| 200 | 1 |
_aАвар мацIалъул грамматика _eтӀурачӀел гьоркьохел ва гьоркьохел школазе учеб. _fМ. Саидов |
|
| 210 |
_aМахачкала _cДаггосиздат _d1942 |
||
| 215 | _d22 | ||
| 541 | 1 |
_aГрамматика аварского языка _eучеб. для неполной сред и сред. шк. _zrus |
|
| 606 | 1 |
_aАварский язык _jУчебники для средней школы _2nlr_sh1 _2nlr_sh2 _3RU\NLR\AUTH\66110089 |
|
| 689 | 1 | _aШ160.321-922 | |
| 700 | 1 |
_aСаидов _bМ. -С. _f1902-1985 _gМагомед-Саид Джамалудинович _4070 |
|
| 852 |
_aNLR _bОНЛ _jАвар./3-184 |
||
| 942 | _cBOOK | ||
| 945 | _aРоссийская национальная библиотека | ||
| 980 | _aBV | ||